Commonest Words in Pride and Prejudice Quiz Stats

 Plays Quiz Updated Jan 26, 2013

Challenge
Share
Tweet
Embed
Score 0/155 Timer 20:00
2 Plays Today
Count Word % Correct
1947a
97.2%
4331the
96.3%
2069I
95.1%
1241be
90.1%
354an
89.2%
1336he
87.3%
253we
84.8%
3577and
82.3%
1710she
82.1%
1357you
82.1%
4138to
81%
860is
80.1%
1866in
80.1%
490no
78%
1535it
77.2%
374Darcy
76.7%
786mr
76.5%
2225her
76.2%
715on
75.3%
448me
74.4%
3609of
73.9%
104go
73.7%
347do
73.3%
1058for
73.1%
597Elizabeth
71.9%
601they
71.2%
1429not
70.7%
589so
69.4%
343mrs
69.2%
263Jane
68.4%
374when
66.8%
294Bennet
66.8%
340are
66.5%
211can
66.4%
145man
64.8%
719my
64.4%
1579that
63.2%
1270his
63%
411will
62.9%
478what
62.1%
457your
62.1%
842have
60.8%
526could
60.7%
353there
60.4%
283miss
60.3%
284who
60.1%
1847was
59.7%
231how
59.5%
1180as
59.1%
350if
58.9%
471would
58.7%
442their
58%
Count Word % Correct
565were
57.5%
183lady
56.7%
764him
56.2%
788at
56%
248should
55.8%
267one
55.6%
317am
55.4%
1002but
55%
175then
54.4%
257Bingley
53.8%
493from
53.4%
106house
53.1%
178sister
52.4%
133Lydia
52.4%
448this
52.4%
401said
52.4%
142too
52.3%
435them
52%
1176had
52%
110mother
51.9%
116father
51.4%
625all
50.9%
135two
50.5%
123us
50%
222has
49.9%
160say
49.6%
300or
49.5%
149see
49.4%
1053with
49.1%
130ever
48.7%
121up
48.3%
130day
46.4%
272did
45.6%
635by
45.1%
135out
45%
162Wickham
43.8%
184good
43.3%
515been
42.7%
162shall
42.5%
156Collins
42.2%
308must
41.4%
211some
41.4%
220never
41.1%
282than
39.9%
193may
38.8%
238know
38.7%
226though
37.2%
326more
36.7%
198every
36.4%
211think
36.1%
200time
36.1%
269any
35.8%
Count Word % Correct
105its
34.6%
110Catherine
34.6%
487very
34%
200after
33.6%
142into
33.5%
209now
33.4%
112cannot
33.4%
115letter
32.6%
123give
32.5%
214well
32.2%
103saw
32.1%
227before
31.3%
112thought
31%
114long
30.3%
167make
30.3%
539which
30.1%
200might
30%
188most
29.9%
328much
29.7%
122about
28.8%
119many
28.1%
158dear
27%
152family
26.6%
216only
25.8%
108way
25.5%
170without
25.3%
145first
25%
112room
24.9%
104friend
24.8%
130young
24.7%
210other
24.3%
126made
24.2%
119last
23.9%
189little
23.7%
141great
23.7%
389such
22.4%
119always
22.2%
177nothing
21.8%
117away
21.5%
175being
20.9%
177again
20.4%
216soon
19.9%
134however
18.6%
183own
18.3%
121hope
17.6%
227herself
16%
102sure
15.8%
127himself
15.6%
100felt
15.3%
106enough
12.9%
103replied
12.6%

You're not logged in!

Compare scores with friends on all Sporcle quizzes.
OR
Log In

You Might Also Like...

Show Comments

Extras

Top Quizzes Today


Score Distribution

Your Account Isn't Verified!

In order to create a playlist on Sporcle, you need to verify the email address you used during registration. Go to your Sporcle Settings to finish the process.

Report this User

Report this user for behavior that violates our Community Guidelines.

Details: